World Map Without the 20 Largest Countries - Statistics

General Stats
  • This quiz has been taken 251 times
  • The average score is 20 of 20
Answers on the Map
Answers color-coded by a green-red scale on the quiz's map according to % correct below.
 
Answer Stats
Answer % Correct
Argentina
100%
Brazil
100%
Canada
100%
China
100%
Russia
100%
United States
100%
Australia
99%
Mexico
99%
Mongolia
98%
Saudi Arabia
98%
India
97%
Kazakhstan
97%
Algeria
96%
D.R Congo
96%
Indonesia
96%
Iran
96%
Libya
96%
Peru
96%
Sudan
96%
Chad
94%
No matching quizzes found
Score Distribution
Percent of People with Each Score
Percentile by Number Answered
Your Score History
You have not taken this quiz